000 00554nam a2200193Ia 4500
999 _c32569
_d32569
003 OSt
005 20200724105807.0
008 190216s9999||||xx |||||||||||||| ||und||
020 _a9788121903066
040 _coclc
082 _a515.8
_bNAR/E
100 _aNarayan, Shanti
_93723
245 0 _aElements Of Real Analysis /
_cShanti Narayan ; M D Raisinghania
250 _a17th Ed.
260 _bS Chand & Co,
_aNew Delhi:
_c2016.
300 _a843p
650 _aMathematics
942 _cBK
_2ddc
_h515.8
_iNAR/E
_k515.8
_mNAR/E